000 00498nam a2200181Ia 4500
003 GCL
008 140319s9999 xx 000 0 ara d
040 _aGCL /
_cGCL
082 0 4 _a813.03
_bح ن
100 1 _aحنا مينة
245 1 0 _aناظم حكمت ثائرا /
_cحنا مينة
300 _a160 ص
490 _aكتاب
_v0
650 0 4 _aالشعراء - تراجم
650 0 4 _aالشعر العربى - العصر الحديث
650 0 4 _aناظم حكمت
942 _2ddc
_cBK
999 _c42470
_d42470